Intermediate Electronic fabrication : (Record no. 182408)

000 -LEADER
fixed length control field 01153 a2200169 4500
003 - CONTROL NUMBER IDENTIFIER
control field Nust
005 - DATE AND TIME OF LATEST TRANSACTION
control field 20221202123904.0
040 ## - CATALOGING SOURCE
Transcribing agency Nust
082 ## - DEWEY DECIMAL CLASSIFICATION NUMBER
Classification number 621.38153,MAR
100 ## - MAIN ENTRY--PERSONAL NAME
Personal name J. A. Markum
9 (RLIN) 104014
245 ## - TITLE STATEMENT
Title Intermediate Electronic fabrication :
Remainder of title an introduction to printed circuit board construction volume II of III /
260 ## - PUBLICATION, DISTRIBUTION, ETC.
Place of publication, distribution, etc. Calfornia
Name of publisher, distributor, etc. The technical education press
Date of publication, distribution, etc. 1976
300 ## - PHYSICAL DESCRIPTION
Extent 192p
505 ## - FORMATTED CONTENTS NOTE
Formatted contents note Safety (Page-7), An Introduction to The P.C Board (Page-13), P.C Board Familiarization (Page-19), Component Layout and the Trace Outline (Page-33), The Introduction to PCB Artwork (Page-49), PCB Master Artwork (Page-61), Scotchal Film Negative (Page-79), Preliminary P.C Board (Page-85), P.C Board Etching (Page-91), P.C.B Stripping. Tinning (Page-97), PCB Components Mounting (Page-103), Complex PCB (Page-111), PCB Outlining (Page-125), Double Sided PCB Fabrications (Page-137), 2x and 4x Artwork (Page-153), The Camera and Films (Page-167), Films Developing and Processes (Page-175), Photosensitive Positive Acting (Page-181), Plated Through Holes (Page-184).
650 ## - SUBJECT ADDED ENTRY--TOPICAL TERM
Topical term or geographic name entry element Telecommunication Engineering
942 ## - ADDED ENTRY ELEMENTS (KOHA)
Source of classification or shelving scheme
Koha item type Book
Holdings
Withdrawn status Lost status Source of classification or shelving scheme Damaged status Not for loan Permanent Location Current Location Shelving location Date acquired Full call number Barcode Date last seen Price effective from Koha item type Public note
          Military College of Signals (MCS) Military College of Signals (MCS) General Stacks 12/12/2016 621.38153,MAR MCS22272 12/08/2016 12/12/2016 Book Almirah No.33, Shelf No.2
          Military College of Signals (MCS) Military College of Signals (MCS) General Stacks 12/12/2016 621.38153,MAR MCS5981 12/08/2016 12/12/2016 Book Almirah No.33, Shelf No.2
© 2023 Central Library, National University of Sciences and Technology. All Rights Reserved.